| 000 | 00352nam a2200133Ia 4500 | ||
|---|---|---|---|
| 008 | 220217s9999||||xx |||||||||||||| ||und|| | ||
| 020 | _a9788173191381 | ||
| 082 | _a670 MIS | ||
| 100 | _aMishra P.K | ||
| 245 | 0 | _aNonconventional maching | |
| 260 |
_aNarosa publishing house _bNew Delhi _c2014 |
||
| 300 |
_aXV, 189p. _b198 |
||
| 650 | _aMECHANICS | ||
| 999 |
_c185828 _d185828 |
||